Özelleştirme uygulamalarına ilişkin anayasa mahkemesi ve danıştay kararları (Record no. 13141)

MARC details
000 -BAŞLIK
Sabit Uzunlukta Kontrol Alanı 00920na a2200277 4500
999 ## - SİSTEM KONTROL NUMARALARI (KOHA)
Koha Biblionumber 13141
Koha Biblioitemnumber 13141
001 - KONTROL NUMARASI
Denetim Alanı 16768
003 - KONTROL NUMARASI IDENTIFIER
Denetim Alanı MIRAKIL
005 - SON İŞLEM TARİHİ VE ZAMANI
Denetim Alanı 20190415155153.0
008 - SABİT-BOY VERİ ELEMANLARI - GENEL BİLGİLER
Sabit Uzunlukta Kontrol Alanı 161013b tu 000 0
020 ## - ULUSLARARASI STANDART KİTAP NUMARASI
Uluslararası Standart Kitap Numarası 9944890693
040 ## - KATALOGLAMA KAYNAK
Orijinal Kataloglama Ajansı Milas
Kataloglama Dili tur
Metne Dönüştürmek Ajansı TR-AnCHP
041 ## - DİL KODU
Metin / Ses Parça Veya Ayrı Başlığın Dil Kodu tur
082 ## - DEWEY ONLU SINIFLANDIRMA NUMARASI
Sınıflandırma Numarası 347.03502643
Ürün Numarası T34ö 2006
090 ## - SINIFLAMA NUMARASI
Sınıflama Numarası 347.03502643 T34ö 2006
100 ## - ANA GİRİŞ - KİŞİSEL İSİM
Kişisel Ad Tekin, Önder
245 ## - BAŞLIK TABLOSU
Başlık Özelleştirme uygulamalarına ilişkin anayasa mahkemesi ve danıştay kararları
Sorumluluk Tablosu, Vb Önder Tekin
260 ## - YAYIN, DAĞITIM, VB
Yayın, Dağıtım, Vb Yeri Ankara
Yayıncı, Dağıtıcı, Vs Adı TMMOB Elektrik Mühendisleri Odası Ankara Şubesi
Yayın, Dağıtım, Vb Tarihi 2006
300 ## - FİZİKSEL TANIM
Kapsam xiv, 801 s.
Boyutlar 29 sm.
490 ## - SERİSİ TABLOSU
Seri Beyanı EMO
Hacim / Ardışık Tanımı 2
610 ## - KONU KATMA GİRİŞ - TOPLANTI ADI
Giriş Elemanı Olarak Kurumsal Ad Veya Yargı Alanı Adı Danıştay
Genel Alt Bölüm Mahkeme kararları
Kronolojik Alt Bölüm Özelleştirme uygulamaları
610 ## - KONU KATMA GİRİŞ - TOPLANTI ADI
Giriş Elemanı Olarak Kurumsal Ad Veya Yargı Alanı Adı Anayasa Mahkemesi
Genel Alt Bölüm Mahkeme kararları
Kronolojik Alt Bölüm Özelleştirme uygulamaları
650 ## - KONU KATMA GİRİŞ - TOPİKAL DÖNEM
Topikal Süreli Veya Coğrafi Ad Giriş Elemanı Ekonomi
Genel Alt Bölümü Özelleştirme
Kronolojik Alt Bölümü Türkiye
Coğrafi Alt Bölümü Hukuk ve mevzuat
942 ## - EKLENDİ GİRİŞ ELEMANLARI (KOHA)
Sınıflandırma Veya Raf Düzeni Kaynak Dewey Decimal Classification
Koha Öğesi Türü Books
999 ## - SİSTEM KONTROL NUMARALARI (KOHA)
Koha Biblioitemnumber 13141
999 ## - SİSTEM KONTROL NUMARALARI (KOHA)
Koha Biblioitemnumber 3602
Holdings
Kalıcı Konum Mevcut Konum Edinme Tarihi Toplam Check-Out'Lar Tam Çağrı Numarası Barkod Tarih Son Görülme İtibaren Geçerli Fiyatlar Koha Öğesi Türü
Parti Okulu Kütüphanesi Parti Okulu Kütüphanesi 04/15/2019   347.03502643 T34ö 2006 P00485 04/15/2019 04/15/2019 Books
Parti Okulu Kütüphanesi Parti Okulu Kütüphanesi 04/15/2019   347.03502643 T34ö 2006 P00486 04/15/2019 04/15/2019 Books